Harry Potter: l'Equipe de Quidditch de Serdaigle - Statistiques

Statistiques générales
  • Ce quiz a été pris 53 fois
  • Le résultat moyen est 4 sur 12
Statistiques - réponses
Information Réponses % Correct
Attrapeuse Cho Chang
95%
Première apparition Harry Potter et le Prisonnier d'Azkaban
90%
Dernière apparition Harry Potter et l'Ordre du Phenix
88%
Capitaine Roger Davies
39%
Poursuiveur Roger Davies
39%
Poursuiveur (HP5) Bradley
7%
Poursuiveur (HP5) Chambers
7%
Batteur (HP3) Duncan Inglebee
7%
Gardien (HP3) Grant Page
7%
Batteur (HP3) Jason Samuels
7%
Poursuiveur (HP3) Jeremy Stretton
7%
Poursuiveur (HP3) Randolph Burrow
7%
Aucun quiz correspondant
Distribution des résultats
% des personnes avec chaque résultat
Percentile par nombre de réponses
Votre historique - résultats
Vous n’avez pas pris ce quiz